Evaluación de la competencia estructural de los límites y recomendaciones del método de diseño simplificado del capítulo de vivienda unifamiliar del Código Sísmico de Costa Rica de 2002
Gorde:
| Egile nagusia: | |
|---|---|
| Formatua: | Liburua |
| Argitaratua: |
[San José, Costa Rica]
2005
|
| Gaiak: | |
| Etiketak: |
Etiketa erantsi
Etiketarik gabe, Izan zaitez lehena erregistro honi etiketa jartzen!
|
MARC
| LEADER | 00000nam a2200000Ia 4500 | ||
|---|---|---|---|
| 003 | 009380 | ||
| 005 | 20221231144136.0 | ||
| 008 | 140114s2005 cr a m 000 ||s d | ||
| 040 | |c cru CEDI | ||
| 090 | |a TFG 4919 | ||
| 100 | |a González Quesada, Mauricio |9 6365 | ||
| 245 | |a Evaluación de la competencia estructural de los límites y recomendaciones del método de diseño simplificado del capítulo de vivienda unifamiliar del Código Sísmico de Costa Rica de 2002 | ||
| 260 | |c 2005 |a [San José, Costa Rica] | ||
| 300 | |a xxii, 136 hojas : ilustraciones | ||
| 500 | |a Tesis (licenciatura en ingeniería civil)--Universidad de Costa Rica. Escuela de Ingeniería Civil | ||
| 650 | |x CONSTRUCCION DE VIVIENDAS |x INGENIERÍA DE ESTRUCTURAS |x CONSTRUCCIONES PREFABRICADAS |x MAMPOSTERIA |x ANALISIS ESTRUCTURAL (INGENIERIA) |9 6366 | ||
| 942 | |c TFG | ||
| 999 | |c 17501 |d 17501 | ||
